|
|
|
|
| LEADER |
00000nam0a2200000 4500 |
| 001 |
101513 |
| 005 |
20231031112647.0 |
| 035 |
|
|
|a (RuTPU)RU\TPU\book\109434
|
| 090 |
|
|
|a 101513
|
| 100 |
|
|
|a 20060912d1964 k y0rusy50 ca
|
| 101 |
0 |
|
|a rus
|
| 102 |
|
|
|a RU
|
| 105 |
|
|
|a y a 001zy
|
| 200 |
1 |
|
|a Физические свойства горных пород
|e библиография ( 1950 - 1963 )
|f Сибирское отделение Академии наук СССР, Государственная публичная научно-техническая библиотека; сост. Ф. А. Бажанова, А. И. Овчарук; под ред. У. И. Моисеенко
|
| 210 |
|
|
|a Новосибирск
|c [Б. и.]
|d 1964
|
| 215 |
|
|
|a 512 с.
|
| 320 |
|
|
|a Имен. указ.: с. 443 - 478
|
| 610 |
1 |
|
|a библиографические указатели
|
| 610 |
1 |
|
|a геология
|
| 610 |
1 |
|
|a горные породы
|
| 610 |
1 |
|
|a физические свойства
|
| 610 |
1 |
|
|a геофизические методы
|
| 610 |
1 |
|
|a геофизическая разведка
|
| 675 |
|
|
|a 552.1(01)
|v 3
|
| 686 |
|
|
|a Я19:55
|v LBC/SL-A
|2 rubbk
|
| 702 |
|
1 |
|a Бажанова
|b Ф. А.
|4 220
|
| 702 |
|
1 |
|a Овчарук
|b А. И.
|4 220
|
| 702 |
|
1 |
|a Моисеенко
|b У. И.
|4 340
|
| 712 |
0 |
2 |
|a Академия наук СССР (АН СССР)
|b Сибирское отделение (СО)
|b Государственная публичная научно-техническая библиотека (ГПНТБ)
|c (Новосибирск)
|2 stltpush
|3 (RuTPU)RU\TPU\col\7241
|
| 801 |
|
1 |
|a RU
|b 63413507
|c 20060912
|g PSBO
|
| 801 |
|
2 |
|a RU
|b 63413507
|c 20111020
|g PSBO
|
| 942 |
|
|
|c BK
|